LEADER 01772nas a2200289 i 4500 001 000000142007 003 CaOOAMICUS 005 20050819000000.0 008 050819b2003 it uu u0 0ita r 013 $a116912 040 $aSeMil$bita 245 10$aStoria del restauro dei dipinti a Napoli e nel Regno nel 19. secolo :$bAtti del Convegno Internazionale di Studi, Napoli, Museo di Capodimonte, 14-16 ottobre 1999 /$ca cura di Maria Ida Catalano e Gabriella Prisco. 260 $aRoma :$bLibreria dello Stato,$cstampa 2003. 260 $aRoma :$bIstituto Poligrafico e Zecca dello Stato,$cstampa 2003. 300 $aXXII, 331 p. ;$criccamente ill. ;$c29 cm. 500 $aContiene : Abstracts [in inglese] ; Bibliografia Generale. 700 1 $aConvegno Internazionale di Studi «Storia del restauro dei dipinti a Napoli e nel Regno nel 19. secolo» <1999 ; Napoli>.$0(OLS)http://semarc/name/57044 700 1 $aPrisco, Gabriella.$0(OLS)http://semarc/name/57046 700 1 $aCatalano, Maria Ida.$0(OLS)http://semarc/name/57045 773 0 $tBollettino d'Arte.$dRoma : Istituto Poligrafico e Zecca dello Stato, 1979.$x0394-4573$w()2001 774 0 $t[vedi periodico].$w()262383 850 $aSeMil 852 $aSeMil$W1$xVenegono$y1$m36BIS 4 43/B$j95203$B95203$CSeMilBibl$Z2$F101868 $85 961 $aOmaggio: Istituto Poligrafico, Libreria dello Stato 996 $6245$aStoria del restauro dei dipinti a Napoli e nel Regno nel 19. secolo :$bAtti del Convegno Internazionale di Studi, Napoli, Museo di Capodimonte, 14-16 ottobre 1999$9(OLS)http://semarc/title/207577 996 $6260$aRoma :$bIstituto Poligrafico e Zecca dello Stato$9(OLS)http://semarc/publisher/30501 996 $6260$aRoma :$bLibreria dello Stato$9(OLS)http://semarc/publisher/29908 LEADER 01071nam a2200265 4500 001 000000343763 003 CaOOAMICUS 005 20210118091844.0 008 210114s2013 it 000 u ita r 020 $a978-88-6466-197-1 040 $aSeMil$bita 100 1 $aComini, Claudio,$d<1963- >.$0(OLS)http://semarc/name/112624 245 00$aNella luce di Dio /$cClaudio Comini ; prefazione di Lara Pasquini. 264 3$aArezzo :$bHelicon,$c2013. 300 $a27 p. ;$c20 cm 541 0 $aOmaggio mons. Mario Delpini (5G-I-96) 700 1 $aPasquini, Lara.$0(OLS)http://semarc/name/112786 850 $aSeMil 852 $aSeMil$W1$xVenegono$y1$m5G I 96$j223485$B234783$CSeMilBibl$Z2$F234783 $81 941 1 $a7 961 $aOmaggio mons. Mario Delpini. -- Con dedica autografa dell?autore a mons. Mario Delpini 996 $6020$a978-88-6466-197-1$9(OLS)http://semarc/number/292070 996 $6245$aNella luce di Dio$9(OLS)http://semarc/title/432796 996 $6264$aArezzo :$bHelicon$9(OLS)http://semarc/publisher/59477